Manuel clinique d'acupuncture traditionnelle (Record no. 17534)

MARC details
000 -LEADER
fixed length control field 00405 a2200193 4500
035 ## - SYSTEM CONTROL NUMBER
System control number 2837
035 ## - SYSTEM CONTROL NUMBER
System control number 2838
035 ## - SYSTEM CONTROL NUMBER
System control number 2835
035 ## - SYSTEM CONTROL NUMBER
System control number 4136
035 ## - SYSTEM CONTROL NUMBER
System control number 2836
035 ## - SYSTEM CONTROL NUMBER
System control number 3228
100 ## - VEDETTE PRINCIPALE - NOM DE PERSONNE
Personal name Boesarello, J.
245 ## - TITLE STATEMENT
Title Manuel clinique d'acupuncture traditionnelle
260 ## - PUBLICATION, DISTRIBUTION, ETC. (IMPRINT)
Date of publication, distribution, etc 1981
300 ## - PHYSICAL DESCRIPTION
Extent 236 p.
Holdings
Withdrawn status Lost status Damaged status Not for loan Location (home branch) Sublocation or collection (holding branch) Date acquired Koha issues (times borrowed) Koha full call number Koha date last seen Price effective from Koha item type
        Bibliothèque Faculté des Sciences de la Santé Bibliothèque Faculté des Sciences de la Santé 27/02/2009   WB 369 BOR 27/02/2009 27/02/2009 Livre


© 2008, Bibliothèques de l'Université d'Abomey-Calavi

04 BP 789 Cotonou, Tél. : +229 21 36 01 01, Fax : +229 21 35 06 32

Courriel : bu@bu.uac.bj